01054 2200337 4500001002100000005001500021035002000036007000300056008004100059020002200100082001400122084001600136100003800152245010900190250002500299300003200324650003100356650002800387700004400415504003300459264004400492336002100536337003000557338002300587040002200610090002000632090002200652850001200674041000800686990002200694INLIS00000000084613820190418092728 a0010-0419000997ta190418s2018 yoi f | ind d a978-602-6268-55-604223a297.8 a297.8 DEN a0 aDeni Al Asy'arid1982-ePengarang10aAgama antara kesalehan dan legitimasi sosial /cDeni Al Asy'ari; penyunting, Febriani Dwi Putri Ramadhan aCetakan I, Juni 2018 axviii, 140 halaman ;c21 cm 4aIslam dan perubahan sosial 4aRadikal dan radikalisme0 aFebriani Dwi Putri RamadhanePenyunting aBibliografi: halaman 133-137 aYogyakarta :bSuara Muhammadiyah,c2018 2rdacontentateks 2rdamediaatanpa perantara 2rdacarrieravolume aYOPDYOGbinderda aDEP 297.8 DEN a aCB-D.11 2018-1658 aYOPDYOG0 aind aCB-D.11/2018-1658